Vplyv dinančnej krízy na vojenské výdavky a ...

Bibliographic Details
Main Author: Kardoš, Michal (Author)
Format: Article
Language:Slovak
Subjects:

MARC

LEADER 00000nab a2200000 ar4500
001 vtls010038292
003 SK-MaSNL
005 20260304155624.0
008 250507c2009 xo qr|p|||||||000 b|slo
015 |a SNBRB2010/01  |2 snkbucl 
035 |a (uuid)05654a2b-d434-4076-a207-1afc930f2009 
035 |a urn:nbn:sk:snk-aba0la 
035 |a (urnnbn)urn:nbn:sk:snk:ar-a097rc 
040 |a SNKBUCL  |b slo  |c SNKBUCL  |e AACR2 
041 0 |a slo 
044 |a xo  |c SK 
080 |a 327.51  |x (100)  |2 2001 
080 |a 355.40  |2 2001 
100 1 |a Kardoš, Michal  |4 aut  |9 1036561 
245 1 0 |a Vplyv dinančnej krízy na vojenské výdavky a ...  |c Michal Kardoš 
300 |b Fotogr. 
610 2 7 |a NATO  |x vojenské výdavky  |2 snkbucl  |9 1481489 
650 0 7 |a obrana  |2 snkbucl  |9 385709 
773 0 |t Euro-Atlantic Quarterly  |g Roč. [4], č. [3] (2009), s. 10-11  |x 1336-8761 
850 |a Slovenská národná knižnica 
852 |a Slovenská národná knižnica 
954 |a odborná, vedecká literatúra pôvodná (slovenská)  |2 lita 
958 |a article13 
958 |a OND 
958 |a EUIPO 
999 |c 2963421  |d 2965351